Preußische Kriege - Statistiken

Allgemein
  • Dieses Quiz wurde 187 mal gespielt
  • Das Durchschnittsergebnis liegt bei 5 aus 13
Antwortstatistiken
Jahre Krieg % Korrekt
1756–1763 Siebenjähriger Krieg
74%
1792–1807 Revolutions- und Napoléonische Kriege
69%
1864 Deutsch-Dänischer Krieg
65%
1866 Deutscher Krieg
43%
1813–1815 Befreiungskriege
42%
1701–1714 Spanischer Erbfolgekrieg
32%
1700–1721 Großer Nordischer Krieg
30%
1655–1660 Zweiter Nordischer Krieg
30%
1740–1742 Erster Schlesischer Krieg
23%
1744–1745 Zweiter Schlesischer Krieg
23%
1683–1699 Großer Türkenkrieg
10%
1848–1851 Schleswig-Holsteinischer Krieg
9%
1674–1679 Schwedisch-Brandenburgischer Krieg
6%
Keine übereinstimmenden Quizze gefunden
Verteilung der Resultate
Anzahl Personen mit jedem Resultat
Perzentil nach korrekt beantworteten Fragen
Ihre Resultats-Entwicklung
Sie haben dieses Quiz noch nicht gespielt